Представление документа в формате MARC21

Поле Инд. ПП Название Значение
Тип записи a
Библиографический уровень m
001 Контрольный номер RU/IS/BASE/408621560
005 Дата корректировки 20201027105927.7
020 a ISBN 978-5-7695-9399-4
040 a Служба первич. каталог. НБ ТвГУ
b Код языка каталог. rus
e Правила каталог. PSBO
041 0_ a Код языка текста rus
080 a Индекс УДК 574(470)(075.8)
084 a Индекс другой классификации/Индекс ББК Б1(2Рос)я73-1
090 a Полочн. индекс Б1(2Рос)
x Авторский знак Э 40
245 10 a Заглавие Экология России
b Продолж. заглавия учебник для студентов учреждений высшего педагогического профессионального образования, обучающихся по направлению "Педагогическое образование"
c Ответственность под ред. А. В. Смурова и В. В. Снакина
250 a Основные сведения об издании 2-е изд., стер.
260 a Место издания Москва
b Издательство Academia
c Дата издания 2012
300 a Объем 350, [1] c., [16] л. цв. ил., к.
b Иллюстрации/ тип воспроизводства ил., табл., карты
440 _0 a Серия Высшее профессиональное образование
440 _0 a Серия Бакалавриат
440 _0 a Серия Педагогическое образование
504 a Библиография Библиогр.: с. 342-349
520 0_ a Аннотация Учебник создан в соответствии с Федеральным государственным образовательным стандартом по направлению подготовки "Педагогическое образование" профили "География" и " Экология " (квалификация "бакалавр"). В учебнике оценивается современное экологическое состояние территории России . Рассматриваются природные условия и факторы окружающей среды, масштабы антропогенного воздействия (промышленности, транспорта, сельского хозяйства и других отраслей) на качество поверхностных и морских вод, воздуха, почвенного покрова, флоры и фауны. Дается оценка территории России с точки зрения благоприятности природных условий для жизнедеятельности и здоровья населения. Приводятся сведения о системе особо охраняемых природных территорий и восстановительном природопользовании. Для студентов учреждений высшего педагогического профессионального образования.
653 0_ a Ключевые слова Охрана окружающей среды
a Ключевые слова Российская Федерация
a Ключевые слова Окружающая среда
a Ключевые слова Загрязнение окружающей среды
a Ключевые слова Экология России
a Ключевые слова Учебники для вузов
700 12 a Другие авторы Дежкин В. В.
q Полное имя Дежкин Вадим Васильевич
700 1_ a Другие авторы Смуров Андрей Валерьевич
700 1_ a Другие авторы Снакин Валерий Викторович
700 1_ a Другие авторы Комарова Нина Георгиевна
700 1_ a Другие авторы Долгушин Леонид Дмитриевич
856 40 u URL http://texts.lib.tversu.ru/texts/1001729ogl.pdf
901 t Тип документа m
920 a Оператор Суха
a Оператор Семен
a Оператор Стро
a Оператор Хохл
952 c Вид литературы К ру
954 a Дата поступления на обработку 20121217
c Дата окончания ОНО 20130924
c Дата окончания ОНО 20141127
b Дата поступления в ОК 20130923
b Дата поступления в ОК 20141121
954 a Дата поступления на обработку 20201023
c Дата окончания ОНО 20201027